Social Capital : (Record no. 610212)

MARC details
000 -LEADER
fixed length control field 00499nam a2200193 a 4500
008 - FIXED-LENGTH DATA ELEMENTS--GENERAL INFORMATION
fixed length control field 260204s2002##################000#0#eng##
020 ## - INTERNATIONAL STANDARD BOOK NUMBER
ISBN 9780521521673
082 04 - DEWEY DECIMAL CLASSIFICATION NUMBER
Classification number 302.4
Item number LIN
100 1# - MAIN ENTRY--AUTHOR NAME
Personal name Lin, Nan,
245 10 - TITLE STATEMENT
Title Social Capital :
260 ## - PUBLICATION, DISTRIBUTION, ETC. (IMPRINT)
Name of publisher Cambridge University Press,
Year of publication 2002.
300 ## - PHYSICAL DESCRIPTION
Number of Pages 298 pages
650 #0 - SUBJECT ADDED ENTRY--TOPICAL TERM
Topical Term Business & Economics.
942 ## - ADDED ENTRY ELEMENTS (KOHA)
Koha item type English Books
Holdings
Withdrawn status Lost status Damaged status Not for loan Home library Current library Date acquired Full call number Accession Number Price effective from Koha item type
        Anna Centenary Library Anna Centenary Library 04.02.2026 302.4 LIN 244103 04.02.2026 English Books

Find us on the map